DunArt.com má za sebou deviaty ročník

Bibliographic Details
Main Author: (l) (Author)
Format: Article
Language:Slovak
Hungarian
PhysicalDescription:Fotografie
ISSN:1338-9068
Subjects:

MARC

LEADER 00000nab a2200000 4500
001 vtls011902649
003 SK-MaSNL
005 20260304033436.0
008 191122|2019 xo |||| || ||00 0|slo
015 |a SNBRB2019/09 
040 |a DSZK  |b slo  |c DSZK  |e rda 
041 |a slo  |a hun 
043 |a e-xo--- 
044 |a xo  |c SK 
072 7 |a 72/76  |x Výtvarné umenie  |2 konspekt 
080 |a 72/76  |x (437.612)  |2 2011 
100 1 |a (l)  |4 aut  |9 901595 
245 1 0 |a DunArt.com má za sebou deviaty ročník  |c [autor] (l) 
300 |b Fotografie 
336 |a text  |b txt  |2 rdacontent 
337 |a bez média  |b n  |2 rdamedia 
338 |a zväzok  |b nc  |2 rdacarrier 
546 |a Dvojjazyčné vydanie 
611 2 7 |a DunArt.com  |n (9. :  |d 2019 :  |c Šamorín, Slovensko)  |2 dszk  |9 1314845 
650 0 7 |a výtvarné umenie  |2 SNKPH  |9 723 
650 0 7 |a medzinárodné sympózia  |2 dszk  |9 78612 
651 7 |a Šamorín (Slovensko)  |2 SNKPHgeo  |9 28925 
773 0 |t Šamorín a okolie = Somorja és vidéke  |g Roč. XXIX, č. 9 (2019), s. 5  |x 1338-9068 
958 |a SK 
958 |a RG 
999 |c 2648152  |d 2650082